<?xml version="1.0" encoding="UTF-8"?>
<collection xmlns="http://www.loc.gov/MARC21/slim">
 <record>
  <leader>02105nam a2200229Ia 4500</leader>
  <controlfield tag="001">CTU_163501</controlfield>
  <controlfield tag="008">210402s9999    xx            000 0 und d</controlfield>
  <datafield tag="082" ind1=" " ind2=" ">
   <subfield code="a">895.9223009</subfield>
  </datafield>
  <datafield tag="082" ind1=" " ind2=" ">
   <subfield code="b">Đ110</subfield>
  </datafield>
  <datafield tag="088" ind1=" " ind2=" ">
   <subfield code="a">60220121</subfield>
  </datafield>
  <datafield tag="100" ind1=" " ind2=" ">
   <subfield code="a">Nguyễn, Hồng Đạt</subfield>
  </datafield>
  <datafield tag="245" ind1=" " ind2="0">
   <subfield code="a">Tìm hiểu tiểu thuyết phóng tác của Hồ Biểu Chánh :</subfield>
  </datafield>
  <datafield tag="245" ind1=" " ind2="0">
   <subfield code="b">Luận văn Thạc sĩ Văn học chuyên ngành Văn học Việt Nam</subfield>
  </datafield>
  <datafield tag="245" ind1=" " ind2="0">
   <subfield code="c">Nguyễn Hồng Đạt; Đoàn Lê Giang (Hướng dẫn khoa học)</subfield>
  </datafield>
  <datafield tag="260" ind1=" " ind2=" ">
   <subfield code="a">Cần Thơ</subfield>
  </datafield>
  <datafield tag="260" ind1=" " ind2=" ">
   <subfield code="b">Trường Đại học Cần Thơ</subfield>
  </datafield>
  <datafield tag="260" ind1=" " ind2=" ">
   <subfield code="c">2010</subfield>
  </datafield>
  <datafield tag="520" ind1=" " ind2=" ">
   <subfield code="a">Như tên đề tài đã xác định,mục đích của đề tài: &quot;Tìm hiểu tiểu thuyết phóng tác của Hồ Biểu Chánh&quot;.Từ đó,phần nào thấy được những yếu tố tiếp biến,chuyển đổi cũng như quan niệm phóng tác và tư duy nghệ thuật của Hồ Biểu Chánh.Với mục đích đó đề tài có nhiệm vụ:(1)Chỉ ra được những yếu tố tiếp biến,chuyển đổi trên một số phương diện chủ yếu như cốt truyện,chủ đề tư tưởng,thế giới nhân vật. (2)Trên cơ sở khảo sát,so sánh,phân tích và lý giải vai trò của phóng tác đồi với việc chuển tải tư tưởng nghệ thuậ cảu Hồ Biểu Chánh. (3) Ở một mức độ nhất định,chúng tôi so sánh với một số nhà văn hiên đại,bước đầu có những đánh gái về công lao,những đóng góp của Hồ Biểu Chánh trong tiến trình phát triển của tiểu thuyết Việt Nam hiện đại.</subfield>
  </datafield>
  <datafield tag="650" ind1=" " ind2=" ">
   <subfield code="a">Văn học Việt Nam,Vietnamese literature</subfield>
  </datafield>
  <datafield tag="650" ind1=" " ind2=" ">
   <subfield code="x">Lịch sử và phê bình,History and criticism</subfield>
  </datafield>
  <datafield tag="904" ind1=" " ind2=" ">
   <subfield code="i">Thoa, Hải</subfield>
  </datafield>
  <datafield tag="980" ind1=" " ind2=" ">
   <subfield code="a">Trung tâm Học liệu Trường Đại học Cần Thơ</subfield>
  </datafield>
 </record>
</collection>
